Elon Musk : How the Billionaire ceo of Spacex and Tesla is Shaping our Future (Record no. 60751)

MARC details
000 -LEADER
fixed length control field 00463nam a2200169Ia 4500
008 - FIXED-LENGTH DATA ELEMENTS--GENERAL INFORMATION
fixed length control field 230524s9999 xx 000 0 und d
020 ## - INTERNATIONAL STANDARD BOOK NUMBER
ISBN 9.78075E+12
082 ## - DEWEY DECIMAL CLASSIFICATION NUMBER
Classification number 332.178
Item number VAN
100 ## - MAIN ENTRY--AUTHOR NAME
Personal name Ashlee Vance
245 #0 - TITLE STATEMENT
Title Elon Musk : How the Billionaire ceo of Spacex and Tesla is Shaping our Future
250 ## - EDITION STATEMENT
Edition statement 1
260 ## - PUBLICATION, DISTRIBUTION, ETC. (IMPRINT)
Place of publication London
Name of publisher Virgin
Year of publication 2020
300 ## - PHYSICAL DESCRIPTION
Number of Pages 402p;
500 ## - GENERAL NOTE
General note Quantity Number: 1
650 ## - SUBJECT ADDED ENTRY--TOPICAL TERM
Topical Term Miscellaneous
942 ## - ADDED ENTRY ELEMENTS (KOHA)
Koha item type Books
Holdings
Lost status Damaged status Permanent Location Current Location Shelving location Date acquired Full call number Accession Number Koha item type
    Central Library, Trident Academy of Technology Central Library, Trident Academy of Technology General Stacks 05/24/2023 332.178 VAN 60751 Books
Trident Academy of Technology © 2023.
All rights reserved.                                                                                                                                                                                                        Designed by Team of Central Library .

Powered by Koha